Giáo trình chuyên ngành kỹ thuật số; T4: Hệ thống máy vi tính, thiết bị nhớ, PLD

Shranjeno v:
Bibliografske podrobnosti
Format: Knjiga
Jezik:Undetermined
Izdano: Hà Nội Thống Kê 2001
Teme:
Oznake: Označite
Brez oznak, prvi označite!
Thư viện lưu trữ: Trung tâm Học liệu Trường Đại học Cần Thơ
LEADER 00594nam a2200169Ia 4500
001 CTU_44119
008 210402s9999 xx 000 0 und d
020 |b 25.000đ 
082 |a 621.391 
082 |b Gi108/T4 
245 0 |a Giáo trình chuyên ngành kỹ thuật số; T4: Hệ thống máy vi tính, thiết bị nhớ, PLD 
260 |a Hà Nội 
260 |b Thống Kê 
260 |c 2001 
650 |a digital control systems,digital electronics,electronic digital computers 
904 |i Minh, 011023 
980 |a Trung tâm Học liệu Trường Đại học Cần Thơ